<?xml version="1.0" encoding="UTF-8"?><?xml-stylesheet type="text/xsl" href="static/style.xsl"?><OAI-PMH xmlns="http://www.openarchives.org/OAI/2.0/" xmlns:xsi="http://www.w3.org/2001/XMLSchema-instance" xsi:schemaLocation="http://www.openarchives.org/OAI/2.0/ http://www.openarchives.org/OAI/2.0/OAI-PMH.xsd"><responseDate>2026-04-17T21:19:00Z</responseDate><request verb="GetRecord" identifier="oai:riubu.ubu.es:10259/5293" metadataPrefix="marc">https://riubu.ubu.es/oai/request</request><GetRecord><record><header><identifier>oai:riubu.ubu.es:10259/5293</identifier><datestamp>2024-05-13T10:28:42Z</datestamp><setSpec>com_10259_5501</setSpec><setSpec>com_10259_5086</setSpec><setSpec>com_10259_2604</setSpec><setSpec>col_10259_5504</setSpec></header><metadata><record xmlns="http://www.loc.gov/MARC21/slim" xmlns:doc="http://www.lyncode.com/xoai" xmlns:xsi="http://www.w3.org/2001/XMLSchema-instance" xmlns:dcterms="http://purl.org/dc/terms/" xsi:schemaLocation="http://www.loc.gov/MARC21/slim http://www.loc.gov/standards/marcxml/schema/MARC21slim.xsd">
<leader>00925njm 22002777a 4500</leader>
<datafield tag="042" ind1=" " ind2=" ">
<subfield code="a">dc</subfield>
</datafield>
<datafield tag="720" ind1=" " ind2=" ">
<subfield code="a">Mariscal Saldaña, Miguel Ángel</subfield>
<subfield code="e">author</subfield>
</datafield>
<datafield tag="720" ind1=" " ind2=" ">
<subfield code="a">González Pérez, J.</subfield>
<subfield code="e">author</subfield>
</datafield>
<datafield tag="720" ind1=" " ind2=" ">
<subfield code="a">Khalid, Azfar</subfield>
<subfield code="e">author</subfield>
</datafield>
<datafield tag="720" ind1=" " ind2=" ">
<subfield code="a">Gutiérrez Llorente, José Manuel</subfield>
<subfield code="e">author</subfield>
</datafield>
<datafield tag="720" ind1=" " ind2=" ">
<subfield code="a">García Herrero, Susana</subfield>
<subfield code="e">author</subfield>
</datafield>
<datafield tag="260" ind1=" " ind2=" ">
<subfield code="c">2019</subfield>
</datafield>
<datafield tag="520" ind1=" " ind2=" ">
<subfield code="a">A collaborative robot or a "Cobot" is the name of a robot that can share a workspace with operators&#xd;
in the absence of a protective fence or with only partial protection. They represent a new and expanding sector of&#xd;
industrial robotics. This investigation draws from the latest international rules and safety parameters related to&#xd;
work with collaborative robots. Its detailed research is motivated by the design of a collaborative industrial robot&#xd;
system, hazard elimination, risk reduction, and different collaborative operations, such as power and force&#xd;
limiting, collaborative operation design, and end-effector safety requirements, among others. The purpose of our&#xd;
study is to analyze the most important variables that must be controlled in accordance with the desired use of the&#xd;
Cobot, according to ISO / TS 15066, ISO / TR 20218-1and some other generic safety regulations on machines and&#xd;
industrial robots. A series of observations and appreciations on the use of the Cobot will also be presented.</subfield>
</datafield>
<datafield tag="024" ind2=" " ind1="8">
<subfield code="a">http://hdl.handle.net/10259/5293</subfield>
</datafield>
<datafield tag="024" ind2=" " ind1="8">
<subfield code="a">10.3850/978-981-11-2724-3 0791-cd</subfield>
</datafield>
<datafield ind1=" " ind2=" " tag="653">
<subfield code="a">Cobot</subfield>
</datafield>
<datafield ind1=" " ind2=" " tag="653">
<subfield code="a">ISO/TS 15066</subfield>
</datafield>
<datafield ind1=" " ind2=" " tag="653">
<subfield code="a">ISO/TR 20218-1</subfield>
</datafield>
<datafield ind1=" " ind2=" " tag="653">
<subfield code="a">Risk assessment</subfield>
</datafield>
<datafield ind1=" " ind2=" " tag="653">
<subfield code="a">Collaborative-robots</subfield>
</datafield>
<datafield tag="245" ind1="0" ind2="0">
<subfield code="a">Risks management and cobots. Identifying critical variables</subfield>
</datafield>
</record></metadata></record></GetRecord></OAI-PMH>